Невербальні засоби спілкування у міжкультурній комунікації (Запис № 285323)

МАРК-запис
000 -LEADER
fixed length control field 02126nam a22001577a 4500
041 ## - LANGUAGE CODE
Language code of text/sound track or separate title ukr
080 ## - UNIVERSAL DECIMAL CLASSIFICATION NUMBER
Universal Decimal Classification number 09
090 ## - LOCALLY ASSIGNED LC-TYPE CALL NUMBER (OCLC); LOCAL CALL NUMBER (OCLC)
Local cutter number (OCLC) ; Book number/undivided call number, CALL (RLIN) СОР
100 ## - MAIN ENTRY--PERSONAL NAME
Personal name Сорока, Т. С.
245 ## - TITLE STATEMENT
Title Невербальні засоби спілкування у міжкультурній комунікації
260 ## - PUBLICATION, DISTRIBUTION, ETC. (IMPRINT)
Place of publication, distribution, etc Острог
Name of publisher, distributor, etc КАФ
Date of publication, distribution, etc 2013
300 ## - PHYSICAL DESCRIPTION
Extent 53
520 ## - SUMMARY, ETC.
Summary, etc Вступ.<br/>Розділ І. Міжкультурна комунікація.<br/>1.1. Поняття "міжкультурної комунікації"<br/>1.2. Види спілкування в процесі міжкультурної комунікації<br/>Розділ ІІ. Невербальні елементи спілкування та їх використання в процесі міжкультурної комунікації.<br/>2.1. Кінетика. Сукупність жестів, поз, рухів тіла<br/>2.2. Тактильна поведінка. Рукостискання, поцілунки та інші дотики до тіла співрозмовника по комунікації<br/>2.3. Сенсорика. Сукупність чуттєвих сприймань<br/>2.4. Проксеміка. Спроби використання простору в процесі комуникації<br/>2.5. Хронеміка. Спроба використання часу в процесі комунікації<br/>Розділ ІІІ. Проблеми та роль невербальної поведінки в міжкультурній комунікації.<br/>3.1. Проблеми міжкультурного невербального спілкування<br/>3.2. Роль невербального спілкування у процесі міжкультурної комунікації<br/>Розділ IV. Охорона праці. Атестація робочих місць за умовами праці.<br/>Висновки.<br/>Список використаної літератури.
-- міжкультурна комунікація, невербальне спілкування
650 ## - SUBJECT ADDED ENTRY--TOPICAL TERM
Topical term or geographic name as entry element Research Papers
942 ## - ADDED ENTRY ELEMENTS (KOHA)
Koha item type Книги
Фонди
Withdrawn status Lost status Source of classification or shelving scheme Damaged status Not for loan Home library Current library Date acquired Source of acquisition Cost, normal purchase price Total Checkouts Full call number Barcode Date last seen Date checked out Price effective from Koha item type
    Universal Decimal Classification     ВІЛ - Відділ іноземн. літератури НБ ВІЛ - Відділ іноземн. літератури НБ 12/06/2013 Акт №7 1.00 1 09 215309 09/11/2021 18/02/2020 12/06/2013 Книги